K některým úlohám studijního oboru sociální práce

Bibliographic Details
Main Author: Kliment, Pavel (Author)
Format: Article
Language:Czech
ISBN:9788080686345
Subjects:

MARC

LEADER 00000nab a2200000 a 4500
001 vtls009506295
003 SK-MaSNL
005 20260305035419.0
008 090507c2007 xo r m 000 00cze
015 |a SNBRA2009/05SVKPO 
038 |a SVKPO 
040 |a SVKPOCL  |c slo  |e AACR2 
041 0 |a cze 
044 |a xo  |c SK 
080 |a 316.42:004.8  |2 2001 
080 |a 364-78  |2 2001 
080 |a 374.7  |2 2001 
080 |a 37.0-022.324  |2 2001 
080 |a 364-43  |2 2001 
080 |a 37.03  |2 2001 
100 1 |a Kliment, Pavel  |4 aut  |9 1046718 
245 1 0 |a K některým úlohám studijního oboru sociální práce  |c Pavel Kliment 
504 |a Bibliogr. odkazy 
546 |a Res. angl. 
650 0 7 |a spoločnosť založená na vedomostiach  |2 svkpocl  |9 1054357 
650 0 7 |a sociálna práca  |2 svkpocl  |9 1550 
650 0 7 |a sociálni pracovníci  |2 svkpocl  |9 68206 
650 0 7 |a funkčná gramotnosť  |2 svkpocl  |9 69139 
773 0 |t Úloha andragogiky v spoločnosti založenej na vedomostiach : zborník príspevkov zo slovensko - českej vedeckej konferencie / Ivana Pirohová (ed.)  |d Prešov : Prešovská univerzita, 2007  |g S. 242-248  |z 9788080686345 
852 |a SVKPO  |b KIS3GCP 
958 |a SK 
958 |a NB 
958 |a CZ 
999 |c 3333693  |d 3335623